000 00311nam a2200109Ia 4500
008 171211s9999 xx 000 0 und d
245 4 _aThe Encyclopedia of Orson Welles
245 _cChuck Berg
260 _c2003
650 _xEncyclopedia and Dictionary
856 _uhttp://down.ebook777.com/057/0816043906.pdf
999 _c350165
_d350165